Kluby dolnośląskie, Ekstraklasa, I, II , III liga. - Statystyki

Ogólne statystyki
  • Ten quiz został rozwiązany 31 razy
  • Średni wynik to 6 z 11
Statystyki odpowiedzi
Liga Odpowiedź % Poprawnych
I liga Śląsk Wrocław
96%
Ekstraklasa Zagłębie Lubin
88%
I liga Miedź Legnica
85%
I liga Chrobry Głogów
81%
II liga Śląsk Wrocław II
58%
III liga Zagłębie Lubin II
58%
III liga Miedź Legnica II
50%
III liga Górnik Polkowice
42%
III liga Karkonosze Jelenia Góra
38%
III liga Ślęża Wrocław
31%
III liga Słowianin Wolibórz
4%
Nie znaleziono quizów pasujących do podanych kryteriów
Rozkład punktacji
Procent ludzi z każdym wynikiem
Percentyl według liczby udzielonych odpowiedzi
Twoja historia wyników
Nie rozwiązałeś tego quizu